Casa de Muñecas; Hedda Gabler

Na minha lista:
Detalhes bibliográficos
Autor principal: Ibsen, Henrik
Formato: Livro
Idioma:Undetermined
Publicado em: México, Distrito Federal Editores Mexicanos Unidos 1991
Assuntos:
Tags: Adicionar Tag
Sem tags, seja o primeiro a adicionar uma tag!

MARC

LEADER 00000nam a2200000Ia 4500
008 170316s9999 xx 000 0 und d
040 |a cru BVZT 
090 |a 800-N I-1c 
100 |a Ibsen, Henrik 
245 |a Casa de Muñecas; Hedda Gabler 
260 |a México, Distrito Federal  |b Editores Mexicanos Unidos  |c 1991 
300 |a 250 páginas 
650 |a OTRAS LITERATURAS  |9 193 
650 |a LITERATURA DE NORUEGA 
999 |c 19939  |d 19939 
942 |c 15 D  |h 800-N I-1c  |2 z